Maantiedettä kirjaimittain - H - Statistics

Yleistilastot
  • Tätä visaa on pelattu 1 349 kertaa
  • Keskiarvotulos 12 / 20
Vastaustilastot
Vihje Vastaus % Oikein
Suomen pääkaupunki Helsinki
100%
Alankomaita kutsutaan usein virheellisesti tällä nimellä Hollanti
95%
Maailman korkein vuoristo Himalaja
94%
Intian puhutuin kieli Hindi
88%
Japanin kaupunki, jonne pudotettiin atomipommi Hiroshima
88%
Kuuban pääkaupunki Havanna
81%
Vietnamin pääkaupunki Hanoi
80%
Nasan avaruuskeskus sijaitsee tässä kaupungissa Houston
68%
Kaupunki, jossa on eniten pilvenpiirtäjiä Hongkong
67%
Tunnettu niemi Kapkaupungin eteläpuoella {Hyväntoivon}niemi
54%
Lampaan mahalaukussa valmistettava skotlantilainen perinneruoka Haggis
53%
Japanin pääsaari Honshu
53%
Kuuluisa entinen kirkko ja nykyinen moskeija Istanbulissa Hagia Sofia
46%
Ruandan suurin etninen ryhmä Hutut
44%
Haitin ja Dominikaanisen tasavallan jakama saari Hispaniola
33%
Yksi Pohjois-Amerikan Isoistajärvistä Huronjärvi
33%
Roomalainen muuri Skotlannin ja Englannin välissä {Hadrianuksen} valli
27%
Kiinan suurin saari Hainan
21%
Muslimien pyhiinvaellus Mekkaan Hadž
18%
Yllä olevan kaupungin vieressä mereen laskeva joki {Helmi}joki
18%
Ehtoja vastaavia visoja ei löytynyt
Tulosjakauma
Jokaisen tuloksen saaneiden osuus
Persentiili vastausten määrän mukaan
Tuloshistoriasi
Et ole pelannut tätä visaa